Propuesta para la creación del Comando Naval de Hidrografía, Oceanografía y meteorología marítima para el año 2024 / (Registro nro. 7435)
[ vista simple ]
| 000 -CABECERA | |
|---|---|
| campo de control de longitud fija | 01504nam a22002297a 4500 |
| 003 - IDENTIFICADOR DEL NÚMERO DE CONTROL | |
| campo de control | DO-SdBJH |
| 005 - FECHA Y HORA DE LA ÚLTIMA TRANSACCIÓN | |
| campo de control | 20230524144310.0 |
| 008 - DATOS DE LONGITUD FIJA--INFORMACIÓN GENERAL | |
| campo de control de longitud fija | 230517b |||||||| |||| 00| 0 spa d |
| 040 ## - FUENTE DE LA CATALOGACIÓN | |
| Centro catalogador/agencia de origen | DO-SdBJH |
| Lengua de catalogación | spa |
| Centro/agencia transcriptor | DO-SdBJH |
| 090 ## - LOCALMENTE ASIGNADO TIPO-LC NÚMERO DE CLASIFICACIÓN (OCLC); NÚMERO DE CLASIFICACIÓN LOCAL (RLIN) | |
| Número de clasificación (OCLC) (R) ; Numero de clasificación, CALL (RLIN) (NR) | TG EGCEMN |
| Número cutter local (OCLC) ; Número de libro/Signatura topográfica íntegra, CALL (RLIN) | 01932 2021 |
| 100 1# - ENTRADA PRINCIPAL--NOMBRE DE PERSONA | |
| Nombre de persona | Hidalgo Cuevas, Pedro Antonio |
| Término indicativo de función/relación | sustentante |
| 245 10 - MENCIÓN DE TÍTULO | |
| Título | Propuesta para la creación del Comando Naval de Hidrografía, Oceanografía y meteorología marítima para el año 2024 / |
| Mención de responsabilidad, etc. | Pedro Antonio Hidalgo Cuevas, asesores Marisol Magallanes, Pedro A. Ventura Polonia |
| 260 ## - PUBLICACIÓN, DISTRIBUCIÓN, ETC. | |
| Lugar de publicación, distribución, etc. | Santo Domingo Este : |
| Nombre del editor, distribuidor, etc. | INSUDE, |
| Fecha de publicación, distribución, etc. | 2021 |
| 300 ## - DESCRIPCIÓN FÍSICA | |
| Extensión | xiii, 70 páginas, imágenes, cuadros, organigrama |
| 502 ## - NOTA DE TESIS | |
| Nota de tesis | Tesis (Especialidad en Comando y Estado Mayor Naval). -- Instituto Superior para la Defensa (INSUDE). Escuela de Graduados de Estudios Superiores Navales, 2021 |
| 504 ## - NOTA DE BIBLIOGRAFÍA, ETC. | |
| Nota de bibliografía, etc. | Incluye referencias bibliográficas e índices |
| 505 ## - NOTA DE CONTENIDO CON FORMATO | |
| Nota de contenido con formato | Características, funciones e importancia de los servicios hidrográficos, Oceanográficos y meteorológicos en otros países en América Latina. -- Origen y evolución de los servicios hidrográficos y meteorológicos en la República Dominicana. -- Propuesta para la creación del Comando Naval de Hidrográficos, Oceanográficos y meteorológicos para el año 2024 |
| 700 1# - PUNTO DE ACCESO ADICIONAL--NOMBRE DE PERSONA | |
| Nombre de persona | Magallanes, Marisol |
| Término indicativo de función/relación | asesor |
| 700 1# - PUNTO DE ACCESO ADICIONAL--NOMBRE DE PERSONA | |
| Nombre de persona | Ventura Polonia, Pedro A. |
| Término indicativo de función/relación | asesor |
| 830 ## - PUNTO DE ACCESO ADICIONAL DE SERIE-TÍTULO UNIFORME | |
| Título uniforme | INSUDE. “Escuela de Graduados de Estudios Superiores Navales”. Tesis y disertaciones académicas |
| 942 ## - ELEMENTOS DE PUNTO DE ACCESO ADICIONAL (KOHA) | |
| Fuente del sistema de clasificación o colocación | Clasificación Local |
| Tipo de ítem Koha | Tesis |
| Estado de retiro | Estado de pérdida | Fuente del sistema de clasificación o colocación | Estado dañado | No para préstamo | Código de colección | Localización permanente | Ubicación/localización actual | Fecha de adquisición | Número de inventario | Total de préstamos | Signatura topográfica completa | Código de barras | Fecha visto por última vez | Número de copia | Precio válido a partir de | Tipo de ítem Koha |
|---|---|---|---|---|---|---|---|---|---|---|---|---|---|---|---|---|
| Clasificación Local | Préstamo Interno | Trabajos de Grado e Investigción | SIBM UNADE - Biblioteca Sede Central | SIBM UNADE - Biblioteca Sede Central | 05/17/2023 | 21-01932 | TG EGCEMN 01932 2021 | 21-01932 | 05/17/2023 | e.1 | 05/17/2023 | Tesis |
